Trader Horn (Record no. 6394)

MARC details
000 -CABECERA
campo de control de longitud fija 00856nam a2200229 a 4500
001 - NÚMERO DE CONTROL
campo de control BRCA_6711
005 - FECHA Y HORA DE LA ÚLTIMA TRANSACCIÓN
campo de control 20190320205549.0
008 - DATOS DE LONGITUD FIJA--INFORMACIÓN GENERAL
campo de control de longitud fija 181011s1928----nyuc######---#000-0#eng-#
041 ## - CÓDIGO DE LENGUA
Código de lengua del texto/banda sonora o título independiente eng
044 ## - CÓDIGO DEL PAÍS DE LA ENTIDAD EDITORA/PRODUCTORA
Código MARC del país nyu
050 #4 - SIGNATURA TOPOGRÁFICA DE LA BIBLIOTECA DEL CONGRESO
Número de clasificación PZ3
Número de documento/Ítem .H676 13
-- 1928
245 10 - MENCIÓN DE TÍTULO
Título Trader Horn
Resto del título being the life a works of Alfred Aloysius Horn: the works written by himself at the age of seventy three and the life, with such of his philosophy as is the gift of age & experience taken down here
Mención de responsabilidad, etc. and edited by Ethelreda Lewis; with a foreword by John Galsworthy
260 ## - PUBLICACIÓN, DISTRIBUCIÓN, ETC.
Lugar de publicación, distribución, etc. Nueva York
Nombre del editor, distribuidor, etc. Simon & Schuster
Fecha de publicación, distribución, etc. 1928
300 ## - DESCRIPCIÓN FÍSICA
Extensión 302 p.
Otras características físicas il., retratos
Dimensiones 23 cm.
500 ## - NOTA GENERAL
Nota general Incluye mapa de África
500 ## - NOTA GENERAL
Nota general Con firma de Franz Mayer
500 ## - NOTA GENERAL
Nota general I92
700 1# - PUNTO DE ACCESO ADICIONAL--NOMBRE DE PERSONA
Nombre de persona Lewis, Ethelreda
Término indicativo de función/relación Editor
9 (RLIN) 16764
700 1# - PUNTO DE ACCESO ADICIONAL--NOMBRE DE PERSONA
Nombre de persona Galsworthy, John
9 (RLIN) 16765
902 ## - CATALOGADOR
Iniciales GFM
942 ## - ELEMENTOS DE PUNTO DE ACCESO ADICIONAL (KOHA)
Fuente del sistema de clasificación o colocación Library of Congress Classification
Tipo de ítem Koha Libros
Holdings
Estado de retiro Estado de pérdida Estado dañado No para préstamo Localización permanente Ubicación/localización actual Fecha de adquisición Número de inventario Total de préstamos Signatura topográfica completa Código de barras Fecha visto por última vez Precio válido a partir de Tipo de ítem Koha
El ejemplar forma parte de la colección y puede ser consultado según las políticas vigentes.       Biblioteca del Museo Franz Mayer (Rogerio Casas-Alatriste) Biblioteca del Museo Franz Mayer (Rogerio Casas-Alatriste) 18/10/2011 I92   PZ3 .H676 13 1928 (I92) 7158 22/03/2019 22/03/2019 Libros